00305nam a2200121Ia 4500008004100000082001500041100001700056245003700073250001300110260003700123300000800160650001500168191201s2006 xx 000 0 und d a621.8bLAT aLAL, Jagdish 0aTheory of Mechanism and Machines a2nd Rep. aN.DelhibMetropolitan Bookc2006 a975 aB.Tech(ME)